Normal view MARC view

Entry Nombre personal

Number of records used in: 12

001 - NÚMERO DE CONTROL

  • campo de control: 97786

003 - IDENTIFICADOR DE NÚMERO DE CONTROL

  • campo de control: OSt

005 - FECHA Y HORA DE LA ÚLTIMA TRANSACCIÓN

  • campo de control: 20250826161753.0

008 - ELEMENTOS DE DATO DE LONGITUD-FIJA

  • campo de control de longitud fija: 070621 n acnnnaaan n bnn d

040 ## - FUENTE DE CATALOGACIÓN

  • Centro catalogador/agencia de origen: OSt
  • Centro/agencia transcriptor: OSt

100 1# - ENCABEZAMIENTO-NOMBRE DE PERSONA

  • Nombre de persona: Robbe-Grillet, Alain,
  • Fechas asociadas al nombre: 1922-2008

400 1# - TRAZADO DE VÉASE--NOMBRE DE PERSONA

  • Nombre de persona: Robbe Grillet, Alain (
  • Fechas asociadas al nombre: 1922-2008)